| 000 | 00366nam a2200133Ia 4500 | ||
|---|---|---|---|
| 008 | 210430s9999 xx 000 0 und d | ||
| 020 | _a9780756651558 (pbk.) | 0756651 | ||
| 082 | _a363.25 S421 C | ||
| 100 |
_aScott, Carey. _954068 |
||
| 245 |
_aCrime scene detective : _cScott, Carey. |
||
| 260 |
_aNew York : _bDK Pub., _c2007 |
||
| 300 | _a71 p. : | ||
| 942 | _2ddc | ||
| 999 |
_c564529 _d564529 |
||